Statistics for Cristiano Ronaldo's 100 UCL goals

Click here to take the quiz!

General Stats

  • This quiz has been taken 1,651 times
  • The average score is 15 of 31

Answer Stats

Number of goalsAnswer% Correct
9Bayern Munich
91%
5Juventus
90%
2Manchester United
87%
1Chelsea
82%
1Atlético Madrid
82%
1Manchester City
80%
4Borussia Dortmund
79%
1Liverpool
77%
2AC Milan
75%
2Arsenal
74%
2Tottenham Hotspur
63%
1FC Porto
63%
4Olympique Lyonnais
60%
5AS Roma
60%
7Ajax Amsterdam
57%
3Sporting CP
55%
7Schalke 04
48%
3Wolfsburg
40%
4Olympique de Marseille
39%
6Galatasaray
38%
1Internazionale Milano
31%
6Malmö
28%
2FC Basel
19%
5Shakhtar Donetsk
19%
3CSKA Moscow
19%
3Dynamo Kiev
16%
2APOEL Nicosia
9%
2Ludogorets Razgrad
8%
2FC Zürich
7%
3FC København
5%
1AJ Auxerre
5%

Score Distribution

Percentile by Number Answered

Percent of People with Each Score

Your Score History

You have not taken this quiz